| 000 | 00713nam a22001817a 4500 | ||
|---|---|---|---|
| 999 |
_c62547 _d62547 |
||
| 005 | 20241205153612.0 | ||
| 008 | 241205s2023 ru ||||| |||| 00| 0 rus d | ||
| 020 | _a9785961468298x | ||
| 041 | _arus | ||
| 080 | _a65.011 : 005 B-88 | ||
| 100 |
_aВумек, Джеймс П. _923860 |
||
| 245 |
_aБережливое производство: _bКак избавиться от потерь и добиться процветания вашей компании / |
||
| 250 | _a12-е издание | ||
| 264 |
_aМосква : _bАльпина Паблишер, _c2023. |
||
| 300 |
_a472 стр. ; _b24 см. |
||
| 700 |
_aДжонс, Дэниел _eავტორი _923861 |
||
| 942 |
_2udc _cᲬᲘᲒᲜᲘ |
||